|
|
|
|
| LEADER |
00827cam a2200229 7i4500 |
| 001 |
0000005012 |
| 005 |
20251027090000.0 |
| 020 |
|
|
|a 0736036431 (pbk.)
|
| 050 |
0 |
0 |
|a GV706.3 ETH 2001
|
| 090 |
0 |
0 |
|a GV706.3
|b .E84 2001
|
| 245 |
0 |
0 |
|a Ethics in sport
|c William J. Morgan, Klaus V. Meier, Angela Schneider, editor.
|
| 260 |
|
|
|a Champaign, IL:
|b Human Kinetics,
|c 2001.
|
| 300 |
|
|
|a xi, 427 p.;
|c 23 cm.
|
| 500 |
|
|
|a Includes index
|
| 650 |
0 |
0 |
|a Sports --
|x Social aspects --
|z United States
|
| 650 |
0 |
0 |
|a Sports --
|x Moral and ethical aspects --
|z United States
|
| 700 |
1 |
|
|a Morgan, William J
|
| 700 |
1 |
|
|a Meier, Klaus V
|
| 700 |
1 |
|
|a Schneider, Angela J
|
| 998 |
|
|
|a Sport Management Industry, Diploma
|
| 999 |
|
|
|a 0000004064
|b BOK
|c OPEN SHELF
|e 1st Floor, Shah Alam
|
| 999 |
|
|
|a 0000006155
|b BOK
|c OPEN SHELF
|e 1st Floor, Shah Alam
|